Normale Ansicht MARC-Ansicht ISBD

Memuary (Titelsatznr. 60416)

[ MARC ]
MARC-Details
000 -Satzkennung
Kontrollfeld mit fester Länge 01613nad a2200421 cc4500
001 - Kontrollnummer
Kontrollfeld BV047804991
003 - Kontrollnummer Identifier
Kontrollfeld DE-604
005 - Datum und Zeit der letzten Transaktion
Kontrollfeld 20220718170900.0
007 - Feld mit fester Länge zur physischen Beschreibung - Allgemeine Information
Kontrollfeld mit fester Länge t
008 - Feld mit fester Länge zur physischen Beschreibung - Allgemeine Angaben
Kontrollfeld mit fester Länge 220128s2021 |||| 00||| rus d
020 ## - Internationale Standardbuchnummer
Internationale Standardbuchnummer 9785862186086
Verknüpfung 978-5-86218-608-6
035 ## - Systemkontrollnummer
System-Kontrollnummer (DE-599)BVBBV047804991
040 ## - Katalogisierungsquelle
Original-Katalogisierungsstelle DE-604
Katalogisierungssprache ger
Übertragungsstelle RU-10907106
041 0# - Sprachcode
Sprachcode des Textes/der Tonspur oder des separaten Titels rus
084 ## - Andere Notation
Zuweisende Stelle DE-12
100 0# - Haupteintragung - Personenname
Personenname Katharina
Zählung II.
Titel und andere Wörter in Verbindung mit einem Namen Russland, Zarin
Datumsangaben in Verbindung mit einem Namen 1729-1796
Funktionsbezeichnung Verfasser
IDN des Normdatensatzes oder Standardnummer (DE-588)118560565
Funktionsbezeichnungscode aut
Koha-Normdatenidentnummer 6786
240 10 - Einheitstitel
Einheitstitel Mémoires
245 10 - Titel
Titel Memuary
Zusatz zum Titel v dvuch knigach : [novyj perevod] = Mémoires / Grande Catherine
Verfasserangabe etc. Ekaterina Velikaja ; izdanie podgotovili M.A. Krjučkova, T.I. Akimova, E.V. Morozova ;
Zählung des Teils/der Abteilung eines Werkes Tom 1
246 13 - Titelvarianten
Hauptsachtitel/Kurztitel Ekaterina II: memuary
246 11 - Titelvarianten
Hauptsachtitel/Kurztitel Mémoires / Grande Catherine
264 #1 - Produktion, Veröffentlichung, Distribution, Herstellung und Urheberrechtsvermerk
Verknüpfung 880-04
Herstellungs-, Veröffentlichungs- Vertriebs-, Erzeugungsort Moskva
Produzent, Herausgeber, Distributor, Hersteller Ladomir
Datum der Herstellung, der Veröffentlichung, des Vertriebs oder des Urheberschutzvermerks 2021
300 ## - Physische Beschreibung
Umfang 2 Bände
336 ## - Inhaltstyp
Inhaltstypterm Text
Inhaltstypcode txt
Quelle rdacontent
337 ## - Medientyp
Bezeichnung des Medientyps ohne Hilfsmittel zu benutzen
Medientypcode n
Quelle rdamedia
338 ## - Datenträgertyp
Datenträgertypbezeichnung Band
Datenträgertypcode nc
Quelle rdacarrier
490 0# - Gesamttitelangabe
Gesamttitelangabe Literaturnye pamjatniki
546 ## - Fußnote zur Sprache
Sprache Text russisch
546 ## - Fußnote zur Sprache
Sprache Kyrillisch
600 07 - Nebeneintragung unter einem Schlagwort - Personenname
Personenname Katharina
Zählung II.
Titel und andere Wörter in Verbindung mit einem Namen Russland, Zarin
Datumsangaben in Verbindung mit einem Namen 1729-1796
IDN des Normdatensatzes oder Standardnummer (DE-588)118560565
Quelle der Ansetzung oder des Terms gnd
Koha-Normdatenidentnummer rswk-swf
650 07 - Nebeneintragung unter einem Schlagwort - Sachschlagwort
Sachschlagwort oder geografischer Name als Eintragungselement Autobiografie
IDN des Normdatensatzes oder Standardnummer (DE-588)4003939-0
Quelle der Ansetzung oder des Terms gnd
Koha-Normdatenidentnummer rswk-swf
655 #7 - Indexierungsterm - Genre/Form
IDN des Normdatensatzes
Genre/Form oder fokussierter Term Autobiografie
Quelle der Ansetzung oder des Terms gnd-content
Koha-Normdatenidentnummer 680
700 1# - Nebeneintragung - Personenname
Personenname Krjučkova, Marija Aleksandrovna
Datumsangaben in Verbindung mit einem Namen ca. 20./21. Jh.
Funktionsbezeichnung eHerausgeberIn
IDN des Normdatensatzes oder Standardnummer (DE-588)141363681
Funktionsbezeichnungscode edt
Koha-Normdatenidentnummer 8335
700 1# - Nebeneintragung - Personenname
Personenname Akimova, T. I.
Funktionsbezeichnung eHerausgeberIn
Funktionsbezeichnungscode edt
Koha-Normdatenidentnummer 8336
700 1# - Nebeneintragung - Personenname
Personenname Morozova, E.V.
Funktionsbezeichnung HerausgeberIn
Funktionsbezeichnungscode edt
Koha-Normdatenidentnummer 8337
773 08 - Übergeordnete Einheit
Zählung und erste Seite Tom1
Datensatzkontrollnummer BV1816360049
942 ## - Zusätzliche Felder (Koha)
Klassifikation oder Aufstellungssystematik Andere/Generische Klassifikation
Koha-Medientyp Monographien
Exemplare
Ausgeschieden Verloren Klassifikation oder Aufstellungssystematik Beschädigt Nicht entleihbar Heimatbibliothek Aufenthaltsbibliothek Aufstellungsort Erwerbungsdatum Inventarnummer Signatur Barcode Ausgeliehen Letzte Aktivität Letzte Ausleihe Preis gültig von Koha-Medientyp
    Andere/Generische Klassifikation     MWN Osteuropa MWN Osteuropa Magazin - 2 18/07/2022 22-00445 R 52 ad Eka 43 (1) E00401080A92F1FD 03/08/2023 03/08/2022 03/08/2022 18/07/2022 Monographien